Sexuality in the Confessional : (Record no. 603503)

MARC details
000 -LEADER
fixed length control field 00486nam a2200193 a 4500
008 - FIXED-LENGTH DATA ELEMENTS--GENERAL INFORMATION
fixed length control field 251221s1996##################000#0#eng##
020 ## - INTERNATIONAL STANDARD BOOK NUMBER
ISBN 9780195096569
082 04 - DEWEY DECIMAL CLASSIFICATION NUMBER
Classification number 264.020862
Item number HAL
100 1# - MAIN ENTRY--AUTHOR NAME
Personal name Haliczer, Stephen,
245 10 - TITLE STATEMENT
Title Sexuality in the Confessional :
260 ## - PUBLICATION, DISTRIBUTION, ETC. (IMPRINT)
Year of publication 1996.
300 ## - PHYSICAL DESCRIPTION
Number of Pages 276 pages
650 #0 - SUBJECT ADDED ENTRY--TOPICAL TERM
Topical Term History.
942 ## - ADDED ENTRY ELEMENTS (KOHA)
Koha item type English Books
Holdings
Withdrawn status Lost status Damaged status Not for loan Home library Current library Shelving location Date acquired Full call number Accession Number Price effective from Koha item type
        Anna Centenary Library Anna Centenary Library 3RD FLOOR, B WING 22.12.2025 264.020862 HAL 282110 22.12.2025 English Books

Find us on the map